000 00313nam a22001337a 4500
008 180315b xxu||||| |||| 00| 0 eng d
020 _a9781457631092
041 _aeng
080 _210th
_a37
100 _a25
101 _aEDU
245 _aThe bedford guide for college writers
_cKennedy,X.J
942 _2udc
_cBK
999 _c45168
_d45168